| 000 | 00928nam a2200265 i 4500 | ||
|---|---|---|---|
| 001 | 169122 | ||
| 003 | ES-MaACL | ||
| 005 | 20250812062537.0 | ||
| 008 | 080819s19551955sp |||| | spa d | ||
| 080 | _a308(460) | ||
| 080 | _a308(8=134.2) | ||
| 100 | 1 |
_aRodríguez Casado, Vicente, _d1918-1990 _998411 |
|
| 245 | 1 | 4 |
_aLos cambios políticos y sociales en España e Hispanoamérica / _cVicente Rodríguez Casado. |
| 260 |
_aMadrid : _bAteneo, _c1955. |
||
| 300 |
_a37 p. : _b1 lám. ; _c19 cm. |
||
| 490 | 1 |
_aColección "O crece o muere" ; _v89 |
|
| 651 | 4 |
_aEspaña- _xSituación social- _y1939-1955. _9167678 |
|
| 651 | 4 |
_aAmérica Latina- _xSituación social- _vHistoria. _9167688 |
|
| 710 | 2 |
_aAteneo de Madrid. _91875 |
|
| 830 | 1 | 0 |
_aColección "O crece o muere" _v89 _9183476 |
| 852 |
_aES-MaACL _9175754 _jJ-24(89) _cDEPO2 |
||
| 852 |
_aES-MaACL _9175753 _jJ-25(89) _cDEPO2 |
||
| 942 | _2udc | ||
| 999 |
_c169122 _d169122 |
||